| 000 | 00816nam a22002415i 4500 | ||
|---|---|---|---|
| 001 | 176806 | ||
| 003 | ES-MaACL | ||
| 005 | 20230906220203.0 | ||
| 008 | 110211s1971 sp ao |||| | spa d | ||
| 080 | _a159.964 | ||
| 100 | 1 |
_aBecker, Raymond de. _926951 |
|
| 245 | 1 | 3 |
_aLa psicología de las profundidades / _c[Raymond de Becker ; traducción de Antonio Ribera]. |
| 250 | _a1ª ed. | ||
| 260 |
_aEsplugas de Llobregat (Barcelona) : _bPlaza & Janés, _c1971. |
||
| 300 |
_a255 p. : _bil. bl. y n. ; _c18 cm. |
||
| 490 | 1 |
_aEnciclopedia Horizonte ; _v17 |
|
| 504 | _aBibliografía: p. 252-255. | ||
| 650 | 0 | 4 |
_aPsicoanálisis- _xHistoria. _9143574 |
| 700 | 0 |
_aRibera, Antonio. _996769 |
|
| 830 | 0 |
_aEnciclopedia Horizonte ; _v17 _9190248 |
|
| 852 |
_aES-MaACL _jE-14286 _xOlim P-1404 |
||
| 999 |
_c176806 _d176806 |
||